000 00994cam a2200301 a 4500
001 13443119
003 OSt
005 20140310184440.0
008 031223s2004 nyua a 000 1 eng
010 _a 2003027853
020 _a0439814278
040 _aDLC
_cDLC
_dDLC
042 _alcac
050 0 0 _aPZ 7
_b.B75225Umb 2004
100 1 _aBrett, Jan,
_d1949-
_927483
245 1 4 _aThe umbrella /
_cJan Brett.
260 _aNew York :
_bScholastic Inc.,
_c2004.
300 _a1 v. (unpaged) :
_bcol. ill. ;
_c22 x 27 cm.
521 _aG4
526 _c680
650 1 _aRain forest animals
_vFiction.
_927484
650 1 _aUmbrellas
_vFiction.
_927485
856 4 2 _3Publisher description
_uhttp://www.loc.gov/catdir/enhancements/fy0717/2003027853-d.html
906 _a7
_bcbc
_corignew
_d1
_eecip
_f20
_gy-gencatlg
942 _2lcc
_cBK-SCHOLAS
999 _c34454
_d34454